| 000 | 01333nam a2200313 a 4500 | ||
|---|---|---|---|
| 003 | UPN | ||
| 005 | 20240413063723.0 | ||
| 008 | 991125s1870 mx a gr 000 0 spa u | ||
| 035 | _aUPN01000019060 | ||
| 040 |
_aMX-MxUPN _bspa _cMX-MxUPN |
||
| 041 | _aspa | ||
| 050 | 4 |
_aF1233 _bK4.3 |
|
| 100 | 1 |
_aKeratry, Emile de, _cconde, _d1832-1904 _931912 |
|
| 245 | 1 | 0 |
_aElevación y caída del emperador Maximiliano : _bintervención francesa en México 1861-1867 |
| 260 |
_aMéxico : _bImprenta del comercio de N. Chavez,a cargo de J. Moreno, _c1870. |
||
| 300 |
_axvi, 542 páginas : _b1 lámina, ilustaciones |
||
| 500 | _aNota manuscrita: "Vendioala a P.B. Molina" | ||
| 600 | 0 | 1 |
_aMaximiliano _cEmperador de México _d1832-1867 _916421 |
| 651 | 4 |
_aMéxico _xHistoria _yIntervención y Segundo Imperio, 1861-1867 _910588 |
|
| 700 | 1 |
_951485 _aFrías y Soto, Hilarión, _d1831-1905 _etraducción |
|
| 700 | 1 |
_951486 _aPrévost-Paradol, Lucien Anatole, _d1829-1870 _eprefacio |
|
| 700 | 0 |
_951433 _aP.B. Molina _epropietario anterior |
|
| 700 | 1 |
_aAncona Horruytiner, Ramón _epropietario anterior _951428 |
|
| 710 | 2 |
_951335 _aMuseo Pedagógico Nacional (México) _epropietario anterior |
|
| 710 | 2 |
_951429 _aBiblioteca Ancona Horruytiner _epropietario anterior |
|
| 902 | _bMaríaRobles/100424 | ||
| 905 | _aLibro | ||
| 942 |
_2lcc _cLIBRO _n0 |
||
| 999 |
_c19060 _d19060 |
||